000 00510nam a2200181Ia 4500
003 GCL
008 140319s9999 xx 000 0 ara d
040 _aGCL /
_cGCL
082 0 4 _a017.6
_bخ ف
100 1 _aخضر ابراهيم سلامة
245 1 0 _aفهرس مخطوطات المكتبة البديرية /
_cخضر ابراهيم سلامة
260 _a[S.N] :
_bلا يوجد
300 _a677 ص
490 _a
650 0 4 _aالمخطوطات
650 0 4 _aالفهارس
942 _2ddc
_cBK
999 _c36039
_d36039